000 01187nam a2200337Ia 4500
001 Z_6485
003 CHAP
005 20231121150143.0
008 220113s2010 xx 000 0 und d
010 _a169750
040 _cCHAP
090 _aTesis E45 2271
100 _aElizalde López, Guadalupe Genoveva
_936295
245 _aDiametro del folículo preovulatorio y fertilidad en vacas holstein. /
_cGuadalupe Genoveva, Elizalde López.
260 _aMéxico :
_bEl autor,
_c2010
300 _aCD
502 _aTesis (Ingeniero Agrónomo Especialista en Zootecnia) -- UACh, 2010 \ Dirección: Raymundo Rangel Santos; asesoría: Carlos Apodaca Sarabia y José Ayala Oseguera.
650 _aFactores ambientales
_xépoca
_9144921
650 _aFertilidad
_9144042
650 _aGanado vacuno
_945425
650 _aRaza holstein
_9144922
700 _a Apodaca Sarabia, Carlos, asesor
_9139207
700 _a Ayala Oseguera, José, asesor.
700 _aRangel Santos, Raymundo, director
_9139209
856 4 2 _uhttp://10.13.5.2/tesis/111577.pdf
_yDescargar PDF
901 _aTESIS E45 2271
902 _aM
910 _a2010
942 _c2
_2ddc
942 _c2
_2ddc
999 _c169750
_d169750